Ο Claude Levi-Strauss και το έργο του : προλεγόμενα στην ελληνική έκδοση της "άγριας σκέψης"

Αποθηκεύτηκε σε:
Λεπτομέρειες βιβλιογραφικής εγγραφής
Κύριος συγγραφέας: Κυριακίδου-Νέστορος, Άλκη, 1935-1988
Μορφή: Βιβλίο
Γλώσσα:Greek
Δημοσίευση: Αθήνα : Παπαζήσης, 1977.
Θέματα:
Ετικέτες: Προσθήκη ετικέτας
Δεν υπάρχουν, Καταχωρήστε ετικέτα πρώτοι!

MARC

LEADER 00000cam a2200000 i 4500
001 1/96818
008 950118s1977 gr | ||| |||| ||gre d
035 |l 10010325 
040 |a GR-MY-UA  |b gre  |e aacr 
041 0 |a gre 
082 0 |a 306.092  
100 1 |a Κυριακίδου-Νέστορος, Άλκη,   |d 1935-1988. 
245 1 2 |a Ο Claude Levi-Strauss και το έργο του :   |b προλεγόμενα στην ελληνική έκδοση της "άγριας σκέψης" /   |c Aλκη Κυριακίδου-Νέστορος.  
260 |a Αθήνα :   |b Παπαζήσης,   |c 1977.  
300 |a 88 σ. ;   |c 24 εκ.  
504 |a Βιβλιογραφία: σ. 85-88.  
600 1 0 |a Lévi-Strauss, Claude. 
650 0 0 |a Anthropologists  |z France. 
852 |a INST  |b LESVOS  |e 19950118  |h 306.092 ΚΥΡ  |p 005100003205  |q 005100003205  |t BK  |y 0 
852 |a INST  |b LESVOS  |e 20221216  |h 306.092 ΚΥΡ  |p 005100064048  |q 005100064048  |t BK  |y 0